[Event "Benidorm 2004 - sub2300"]
[Site "Benidorm ESP"]
[Date "2004.11.20"]
[Round "2.11"]
[White "Muelas Cerezuela, Jose"]
[Black "Ballesteros Gonzalez, David"]
[Result "0-1"]
[WhiteElo "2104"]
[BlackElo "2248"]
[PlyCount "74"]
[EventDate "2004.11.19"]
[EventType "swiss"]
[EventRounds "9"]
[EventCountry "ESP"]
[Source "lmi"]
[SourceDate "2004.11.19"]

1. e4 g6 2. f4 c6 3. d4 d5 4. e5 h5 5. c3 Bf5 6. Nd2 e6 7. Ngf3 Nd7 8. Be2 Nh6
9. Nf1 Be7 10. Ne3 Rc8 11. O-O Qb6 12. b4 a5 13. a3 Ra8 14. Bd2 Be4 15. Kh1 Qc7
16. c4 axb4 17. Bxb4 Bxb4 18. axb4 O-O 19. c5 b6 20. Ng5 Rxa1 21. Qxa1 Bf5 22.
h3 bxc5 23. bxc5 Rb8 24. g4 hxg4 25. hxg4 Be4+ 26. Nxe4 dxe4 27. Rb1 Rxb1+ 28.
Qxb1 Qa5 29. Kg2 Qd2 30. Kf2 Qxd4 31. Qb7 Nxc5 32. Qxc6 Nd3+ 33. Bxd3 Nxg4+ 34.
Kg3 Qxe3+ 35. Kxg4 Qf3+ 36. Kg5 Qg3+ 37. Kf6 Qh4# 0-1

[Event "Benidorm 2004 - sub2300"]
[Site "Benidorm ESP"]
[Date "2004.11.20"]
[Round "2.12"]
[White "Queimadelos Garcia, Victor"]
[Black "Farfan, Ortiz Alfredo"]
[Result "0-1"]
[WhiteElo "2085"]
[BlackElo "2246"]
[PlyCount "52"]
[EventDate "2004.11.19"]
[EventType "swiss"]
[EventRounds "9"]
[EventCountry "ESP"]
[Source "lmi"]
[SourceDate "2004.11.19"]

1. Nf3 d5 2. d4 Nf6 3. c4 c6 4. Nc3 e6 5. cxd5 exd5 6. Qc2 g6 7. Bg5 Be7 8. e3
Bf5 9. Qb3 Qb6 10. Nd2 O-O 11. Be2 Re8 12. Qxb6 axb6 13. O-O Nbd7 14. a4 Bb4
15. Rfc1 Ra7 16. f3 Rea8 17. g4 Be6 18. Rab1 Bxc3 19. bxc3 Rxa4 20. Bxf6 Nxf6
21. Rxb6 Ra2 22. Rd1 Rc2 23. Bd3 Rca2 24. Rxb7 Nxg4 25. fxg4 Bxg4 26. Rbb1 R8a3
0-1

[Event "Benidorm 2004 - sub2300"]
[Site "Benidorm ESP"]
[Date "2004.11.20"]
[Round "2.13"]
[White "Pena, Alfredo"]
[Black "Arpa Pardo, Emilio"]
[Result "1/2-1/2"]
[WhiteElo "2242"]
[BlackElo "2087"]
[PlyCount "59"]
[EventDate "2004.11.19"]
[EventType "swiss"]
[EventRounds "9"]
[EventCountry "ESP"]
[Source "lmi"]
[SourceDate "2004.11.19"]

1. e4 c5 2. Nf3 Nc6 3. Bb5 e5 4. c3 a6 5. Bxc6 dxc6 6. O-O Bg4 7. d3 Qf6 8.
Nbd2 Ne7 9. h3 h5 10. Qe1 Ng6 11. Nh2 Be6 12. Ndf3 Nf4 13. Bxf4 exf4 14. h4 Be7
15. Qe2 Rd8 16. Rfe1 O-O 17. b3 Rd7 18. d4 Rfd8 19. Qc2 cxd4 20. cxd4 Bb4 21.
Red1 Bg4 22. Rd3 c5 23. a3 Ba5 24. Qxc5 Bb6 25. Qc2 Bxd4 26. Rad1 Qb6 27. Rxd4
Rxd4 28. Rxd4 Rxd4 29. Nxd4 Qxd4 30. Nxg4 1/2-1/2

[Event "Benidorm 2004 - sub2300"]
[Site "Benidorm ESP"]
[Date "2004.11.20"]
[Round "2.14"]
[White "Martinez Tormo, Jorge"]
[Black "Sanchez Barbado, Carlos"]
[Result "1/2-1/2"]
[WhiteElo "2240"]
[BlackElo "2082"]
[PlyCount "89"]
[EventDate "2004.11.19"]
[EventType "swiss"]
[EventRounds "9"]
[EventCountry "ESP"]
[Source "lmi"]
[SourceDate "2004.11.19"]

1. e4 c5 2. Nf3 e6 3. d4 cxd4 4. Nxd4 Nf6 5. Nc3 Nc6 6. Ndb5 Bb4 7. a3 Bxc3+ 8.
Nxc3 d5 9. exd5 exd5 10. Bd3 d4 11. Ne2 Bg4 12. f3 Bh5 13. b4 O-O 14. O-O Qb6
15. Kh1 Bg6 16. Bg5 Nd5 17. b5 Bxd3 18. Qxd3 Ne5 19. Qe4 Qxb5 20. Nxd4 Qc4 21.
Rae1 Rfe8 22. Nf5 Qxe4 23. fxe4 Nc7 24. Nd6 Re6 25. Nxb7 f6 26. Bf4 Rae8 27.
Bxe5 Rxe5 28. Nd6 R8e6 29. Rd1 Ne8 30. Nxe8 Rxe8 31. Rd7 Rxe4 32. Rxa7 Rc4 33.
h3 Rxc2 34. Rd1 Rc5 35. Kh2 h5 36. Rd2 Kh7 37. Rdd7 Rg5 38. Rd3 Kh6 39. Rg3 g6
40. h4 Rf5 41. Rf3 Re4 42. Kh3 Rxf3+ 43. gxf3 Re3 44. Kg3 g5 45. hxg5+ 1/2-1/2

[Event "Benidorm 2004 - sub2300"]
[Site "Benidorm ESP"]
[Date "2004.11.21"]
[Round "3.1"]
[White "Diaz Castro, Sergio"]
[Black "Szmetan, Ricardo"]
[Result "0-1"]
[WhiteElo "2209"]
[BlackElo "2283"]
[PlyCount "61"]
[EventDate "2004.11.19"]
[EventType "swiss"]
[EventRounds "9"]
[EventCountry "ESP"]
[Source "lmi"]
[SourceDate "2004.11.19"]

1. d4 Nf6 2. Nf3 c5 3. e3 g6 4. c4 Bg7 5. Nc3 O-O 6. Be2 cxd4 7. Qxd4 Nc6 8.
Qh4 d5 9. O-O dxc4 10. Bxc4 Bg4 11. Be2 Bxf3 12. Bxf3 Ne5 13. Bxb7 Rb8 14. Ba6
Qa5 15. Be2 Rb4 16. Qh3 Rd8 17. Rb1 e6 18. a3 Rb3 19. Bd1 Rbb8 20. b4 Qc7 21.
Na4 Nd3 22. Bb2 Nxb2 23. Rxb2 Ne4 24. Rc2 Qd7 25. Rc1 Qd2 26. Bc2 Rdc8 27. Nc5
Nxc5 28. Rfd1 Qe2 29. bxc5 Rxc5 30. Ba4 Rxc1 31. Rxc1 0-1

[Event "Benidorm 2004 - sub2300"]
[Site "Benidorm ESP"]
[Date "2004.11.21"]
[Round "3.2"]
[White "Van Hoolandt, Patrick"]
[Black "Martin Perez, Javier"]
[Result "1-0"]
[WhiteElo "2269"]
[BlackElo "2232"]
[PlyCount "133"]
[EventDate "2004.11.19"]
[EventType "swiss"]
[EventRounds "9"]
[EventCountry "ESP"]
[Source "lmi"]
[SourceDate "2004.11.19"]

1. d4 d5 2. Nf3 Nf6 3. c4 c6 4. Nc3 e6 5. Bg5 h6 6. Bxf6 Qxf6 7. e3 Nd7 8. Rc1
g6 9. Be2 Bg7 10. O-O O-O 11. cxd5 exd5 12. b4 a6 13. a4 Qd6 14. Qb3 Nf6 15.
Ne5 Ne4 16. Nxe4 dxe4 17. Nxf7 Rxf7 18. Bc4 Qe7 19. f3 Bd7 20. fxe4 Raf8 21. b5
axb5 22. axb5 cxb5 23. Rxf7 Rxf7 24. Bxf7+ Qxf7 25. Qxf7+ Kxf7 26. Rc7 Ke8 27.
Rxb7 Bf8 28. e5 b4 29. Rb8+ Kf7 30. d5 Bc5 31. e6+ Bxe6 32. dxe6+ Kxe6 33. Kf2
Kd5 34. Ke2 Kc4 35. e4 b3 36. Kd2 Kd4 37. Rb5 Be7 38. Rxb3 Bg5+ 39. Ke2 Kxe4
40. Rb6 Kf5 41. Kf3 h5 42. h3 Be7 43. Rb5+ Kf6 44. Ke4 Bd8 45. Rd5 Be7 46. Ra5
Bd8 47. Ra6+ Kf7 48. Rc6 Bf6 49. Kd5 Bb2 50. Rc2 Bf6 51. Rc7+ Kf8 52. Ke6 Bg5
53. Rf7+ Kg8 54. Rb7 Kf8 55. Rf7+ Kg8 56. Rd7 Kf8 57. g3 h4 58. g4 Kg8 59. Rd5
Bc1 60. Kf6 Kh7 61. g5 Bb2+ 62. Ke6 Bc3 63. Rd3 Bb2 64. Rb3 Bc1 65. Rb7+ Kg8
66. Kf6 Ba3 67. Kxg6 1-0

[Event "Benidorm 2004 - sub2300"]
[Site "Benidorm ESP"]
[Date "2004.11.21"]
[Round "3.3"]
[White "Buxade Roca, Guillermo"]
[Black "Taboas Rodriguez, Daniel"]
[Result "1/2-1/2"]
[WhiteElo "2203"]
[BlackElo "2266"]
[PlyCount "106"]
[EventDate "2004.11.19"]
[EventType "swiss"]
[EventRounds "9"]
[EventCountry "ESP"]
[Source "lmi"]
[SourceDate "2004.11.19"]

1. d4 Nf6 2. Nf3 g6 3. Bf4 c5 4. e3 Qb6 5. Qc1 Bg7 6. c3 O-O 7. Be2 Nc6 8. h3
Re8 9. Nbd2 cxd4 10. exd4 d6 11. O-O e5 12. dxe5 dxe5 13. Nc4 Qc7 14. Bh6 Bh8
15. Ne3 e4 16. Nh2 Be6 17. Qc2 Rad8 18. Bg5 Qe5 19. Bh4 Rc8 20. Rfd1 h5 21. Bg3
Qc5 22. Qa4 Bg7 23. Nhf1 Bh6 24. Rd6 Bf8 25. Rd2 a6 26. Rad1 Be7 27. Bd6 Bxd6
28. Rxd6 Qa5 29. Qxa5 Nxa5 30. b4 Nc6 31. b5 axb5 32. Bxb5 Kf8 33. c4 Ke7 34.
R6d2 Red8 35. Nd5+ Bxd5 36. cxd5 Ne5 37. d6+ Ke6 38. Ne3 Rc5 39. Ba4 b5 40.
Bb3+ Kd7 41. Rd4 Rb8 42. Kf1 Rb6 43. Ke2 Rc3 44. Nd5 Nxd5 45. Rxd5 f6 46. R1d4
Rd3 47. Rxe4 Rxd5 48. Bxd5 Kxd6 49. Bb3 Kc5 50. f4 Nc4 51. Re8 Kd4 52. f5 gxf5
53. Rh8 Re6+ 1/2-1/2

[Event "Benidorm 2004 - sub2300"]
[Site "Benidorm ESP"]
[Date "2004.11.21"]
[Round "3.4"]
[White "Celaya Tapiz, Jose Maria"]
[Black "Fenollar Jorda, Manuel"]
[Result "0-1"]
[WhiteElo "2265"]
[BlackElo "2191"]
[PlyCount "108"]
[EventDate "2004.11.19"]
[EventType "swiss"]
[EventRounds "9"]
[EventCountry "ESP"]
[Source "lmi"]
[SourceDate "2004.11.19"]

1. e4 e5 2. Nf3 Nc6 3. Bb5 a6 4. Bxc6 dxc6 5. h3 f6 6. d3 Be6 7. Be3 c5 8. Nbd2
Qd7 9. a4 Bd6 10. b3 Ne7 11. Qe2 O-O 12. O-O Kh8 13. Nh2 g5 14. f3 Ng6 15. Qf2
Nf4 16. Rfe1 Rg8 17. Kh1 Rg6 18. Nc4 Rag8 19. Nxd6 cxd6 20. Rg1 Qg7 21. Raf1 h5
22. h4 Bf7 23. hxg5 fxg5 24. Rd1 g4 25. Bxf4 exf4 26. g3 h4 27. Nxg4 hxg3 28.
Qe2 Be6 29. Kg2 Rf8 30. Rh1+ Kg8 31. Rdf1 Bxg4 32. fxg4 Rxg4 33. Qf3 Qg5 34.
Rh3 Qg7 35. Rfh1 Rg6 36. Rh4 Qc3 37. Rg4 Qxc2+ 38. Kh3 Rff6 39. Rxg6+ Rxg6 40.
Qxf4 g2 41. Rg1 Qxd3+ 42. Kh2 Qe2 43. Qf5 Qg4 44. Qxg4 Rxg4 45. Rxg2 Rxg2+ 46.
Kxg2 b6 47. Kf3 Kf7 48. Ke3 Ke6 49. Kd3 Ke5 50. Ke3 b5 51. axb5 axb5 52. Kf3
Kd4 53. Kf4 c4 54. bxc4 bxc4 0-1

[Event "Benidorm 2004 - sub2300"]
[Site "Benidorm ESP"]
[Date "2004.11.21"]
[Round "3.5"]
[White "Sanz Montarelo, Teodoro"]
[Black "Lacrosse, Marc"]
[Result "1/2-1/2"]
[WhiteElo "2162"]
[BlackElo "2264"]
[PlyCount "97"]
[EventDate "2004.11.19"]
[EventType "swiss"]
[EventRounds "9"]
[EventCountry "ESP"]
[Source "lmi"]
[SourceDate "2004.11.19"]

1. e4 e5 2. Nf3 Nc6 3. Bb5 a6 4. Ba4 Nf6 5. O-O Nxe4 6. d4 b5 7. Bb3 d5 8. dxe5
Be6 9. c3 Bc5 10. Nbd2 O-O 11. Bc2 Nxf2 12. Rxf2 f6 13. exf6 Bxf2+ 14. Kxf2
Qxf6 15. Nb3 Ne5 16. Qd4 c6 17. Be3 Bg4 18. Nbd2 Rae8 19. Re1 Qf7 20. Ke2 Nxf3
21. Nxf3 Bxf3+ 22. gxf3 Qxf3+ 23. Kd2 Re6 24. Bd3 Rfe8 25. Re2 a5 26. Qf4 Qxf4
27. Bxf4 Rxe2+ 28. Bxe2 g6 29. Bc7 Re4 30. Bxa5 Ra4 31. Bc7 Rxa2 32. Kc2 h5 33.
Be5 Kf7 34. Bd4 Ra1 35. Bd1 Ke6 36. Kd2 Ra2 37. Kc1 Ra8 38. Bc2 Kf7 39. h4 Ra1+
40. Bb1 Ra8 41. Be3 Re8 42. Kd2 Ra8 43. Bg5 Ra4 44. b4 Ra1 45. Bd3 Ra3 46. Bc2
Ra1 47. Bd3 Ra3 48. Bc2 Ra1 49. Bd3 1/2-1/2

[Event "Benidorm 2004 - sub2300"]
[Site "Benidorm ESP"]
[Date "2004.11.21"]
[Round "3.6"]
[White "Ballesteros Gonzalez, David"]
[Black "De La Fuente Mayan, Alfredo"]
[Result "0-1"]
[WhiteElo "2248"]
[BlackElo "2174"]
[PlyCount "138"]
[EventDate "2004.11.19"]
[EventType "swiss"]
[EventRounds "9"]
[EventCountry "ESP"]
[Source "lmi"]
[SourceDate "2004.11.19"]

1. d4 Nf6 2. Nf3 e6 3. c4 Bb4+ 4. Bd2 c5 5. Bxb4 cxb4 6. Nbd2 d6 7. e3 O-O 8.
Bd3 Nc6 9. O-O e5 10. Qc2 Bg4 11. h3 Bxf3 12. Nxf3 b3 13. Qxb3 e4 14. Bxe4 Nxe4
15. Qxb7 Qe8 16. Qb3 Rb8 17. Qc2 f5 18. a3 a5 19. d5 Ne5 20. Nd4 Rc8 21. b3 a4
22. Nxf5 Rxf5 23. Qxe4 Qg6 24. f4 axb3 25. g4 Rf7 26. Qxg6 Nxg6 27. Rab1 Rb7
28. Rfc1 Ra8 29. c5 dxc5 30. Rxc5 Rxa3 31. Rc3 Kf7 32. Kf2 Ra2+ 33. Kf3 b2 34.
Rc2 Ke7 35. g5 Rb3 36. Kf2 Kd6 37. Rd2 Rb4 38. Kf3 Ne7 39. e4 Ra3+ 40. Kg4 Rxe4
41. Rbxb2 Nxd5 42. Rf2 g6 43. Rbd2 Ke6 44. Rb2 Ne3+ 45. Kf3 Nf5+ 46. Kg2 Rg3+
47. Kh2 Ree3 48. Rb6+ Nd6 49. Rd2 Rxh3+ 50. Kg2 Rd3 51. Ra2 Rdg3+ 52. Kf2 Rh2+
53. Kxg3 Rxa2 54. Rb3 Ra4 55. Re3+ Re4 56. Ra3 Nf5+ 57. Kf3 Rd4 58. Ra6+ Rd6
59. Ra3 Rb6 60. Kg4 Kd5 61. Ra7 Rb3 62. Ra5+ Ke6 63. Ra6+ Nd6 64. Ra7 Ne4 65.
Ra6+ Kd5 66. f5 Nf2+ 67. Kf4 Nd3+ 68. Kg4 Ne5+ 69. Kh4 gxf5 0-1

[Event "Benidorm 2004 - sub2300"]
[Site "Benidorm ESP"]
[Date "2004.11.21"]
[Round "3.7"]
[White "Farfan, Ortiz Alfredo"]
[Black "Angel Acosta, Juan Carlos"]
[Result "1-0"]
[WhiteElo "2246"]
[BlackElo "2169"]
[PlyCount "115"]
[EventDate "2004.11.19"]
[EventType "swiss"]
[EventRounds "9"]
[EventCountry "ESP"]
[Source "lmi"]
[SourceDate "2004.11.19"]

1. e4 c5 2. Nf3 Nc6 3. Nc3 g6 4. d4 cxd4 5. Nxd4 Bg7 6. Be3 d6 7. Bc4 Bd7 8.
Qd2 Nf6 9. f3 O-O 10. O-O-O Nxd4 11. Bxd4 b5 12. Bxb5 Bxb5 13. Nxb5 Qd7 14. Nc3
Rfc8 15. Nd5 Nxd5 16. exd5 Qa4 17. Bxg7 Qxa2 18. Qh6 f6 19. Rhe1 Rc7 20. Rxe7
Rxe7 21. Bxf6 Qa1+ 22. Kd2 Qa5+ 23. Kc1 Rc7 24. Qe3 Qa1+ 25. Kd2 Qa5+ 26. Bc3
Qxd5+ 27. Kc1 Rxc3 28. Qxc3 Qg5+ 29. Qd2 Qxd2+ 30. Rxd2 Rd8 31. Re2 Kf7 32. Kd2
Rb8 33. Kc3 Rb5 34. b3 a5 35. Re1 Rg5 36. g4 Rb5 37. f4 h5 38. h3 hxg4 39. hxg4
Kf6 40. Kb2 Kf7 41. Ka3 Rc5 42. c4 Kf6 43. Ka4 Kf7 44. Rd1 Ke6 45. Re1+ Kd7 46.
Re3 Kc7 47. Re6 g5 48. f5 Kd7 49. Rg6 d5 50. cxd5 Rxd5 51. Rxg5 Kd6 52. Rg8 Ke5
53. Rg6 Rd3 54. f6 Ke6 55. g5 Rd5 56. Rg7 Rf5 57. f7 Ke7 58. g6 1-0

[Event "Benidorm 2004 - sub2300"]
[Site "Benidorm ESP"]
[Date "2004.11.21"]
[Round "3.9"]
[White "Garcia, Eduardo"]
[Black "Cabello Rodriguez, Sandro"]
[Result "1-0"]
[WhiteElo "2298"]
[BlackElo "2154"]
[PlyCount "77"]
[EventDate "2004.11.19"]
[EventType "swiss"]
[EventRounds "9"]
[EventCountry "ESP"]
[Source "lmi"]
[SourceDate "2004.11.19"]

1. e4 e6 2. Nf3 d5 3. e5 Bd7 4. a3 c5 5. b4 cxb4 6. axb4 Bxb4 7. c3 Be7 8. d4
Nc6 9. Bd3 a6 10. O-O Rc8 11. Ne1 Na7 12. f4 Nb5 13. Bd2 f5 14. g4 Nh6 15. h3
Qb6 16. Nc2 O-O 17. Kh2 g6 18. Ra2 Nf7 19. Ne3 Kh8 20. Be1 Qd8 21. gxf5 gxf5
22. Rg2 Rg8 23. Rfg1 Rxg2+ 24. Rxg2 Qf8 25. c4 dxc4 26. Bxc4 Qh6 27. Bg3 Be8
28. d5 Nxe5 29. Bxb5 Bxb5 30. Qd4 Rd8 31. fxe5 Bg5 32. Nxf5 exf5 33. e6+ Bf6
34. Be5 Rf8 35. e7 Rf7 36. d6 Bd7 37. Nc3 Bxe5+ 38. Qxe5+ Qf6 39. e8=Q+ 1-0

[Event "Benidorm 2004 - sub2300"]
[Site "Benidorm ESP"]
[Date "2004.11.21"]
[Round "3.10"]
[White "Roofthoofd, Marcel"]
[Black "Roche Simon, Miguel A"]
[Result "1/2-1/2"]
[WhiteElo "2262"]
[BlackElo "2178"]
[PlyCount "93"]
[EventDate "2004.11.19"]
[EventType "swiss"]
[EventRounds "9"]
[EventCountry "ESP"]
[Source "lmi"]
[SourceDate "2004.11.19"]

1. e4 c5 2. Nf3 e6 3. d4 cxd4 4. Nxd4 a6 5. Nc3 Qc7 6. Bd3 Nc6 7. Nxc6 dxc6 8.
a4 e5 9. O-O Nf6 10. f4 Bc5+ 11. Kh1 Ng4 12. Qf3 Qe7 13. Qg3 exf4 14. Bxf4 h5
15. h3 g5 16. Bc7 Be6 17. Nd5 cxd5 18. exd5 h4 19. Qf3 Qxc7 20. hxg4 O-O-O 21.
dxe6 fxe6 22. Qh3 Rhf8 23. Rf3 Qe5 24. Raf1 Qxb2 25. Rxf8 Rxf8 26. Rxf8+ Bxf8
27. Qf3 Bd6 28. g3 Qc1+ 29. Kg2 hxg3 30. Qe2 e5 31. Be4 Bc5 32. Kxg3 Be3 33.
Qg2 Bf4+ 34. Kh3 Qe3+ 35. Qf3 Qb6 36. Kg2 Kb8 37. Qb3 Qc7 38. Qg8+ Ka7 39. Qd5
Be3 40. Kf3 Bd4 41. Ke2 Qb6 42. Qb3 Qxb3 43. cxb3 b5 44. axb5 axb5 45. Kd3 Kb6
46. Bd5 Kc5 47. Ke4 1/2-1/2

[Event "Benidorm 2004 - sub2300"]
[Site "Benidorm ESP"]
[Date "2004.11.21"]
[Round "3.11"]
[White "Garcia Amoros, Pablo"]
[Black "Renteria, Jorge"]
[Result "0-1"]
[WhiteElo "2181"]
[BlackElo "2259"]
[PlyCount "62"]
[EventDate "2004.11.19"]
[EventType "swiss"]
[EventRounds "9"]
[EventCountry "ESP"]
[Source "lmi"]
[SourceDate "2004.11.19"]

1. e4 c5 2. Nf3 d6 3. d4 cxd4 4. Nxd4 Nf6 5. Nc3 a6 6. Be2 e5 7. Nb3 Be7 8. Bg5
Be6 9. Bxf6 Bxf6 10. Qd3 O-O 11. O-O-O Be7 12. Nd5 Bxd5 13. Qxd5 Nc6 14. Kb1
Rc8 15. c3 b5 16. h4 Qb6 17. Bg4 Rc7 18. h5 a5 19. Bf5 b4 20. Rh3 a4 21. Nc1
bxc3 22. Rxc3 Nd4 23. Rc4 a3 24. Nd3 axb2 25. Rb4 Qa6 26. Rxb2 Nxf5 27. exf5
Rfc8 28. Nb4 Bg5 29. Nc2 h6 30. Ne3 Rc5 31. Qb7 Bxe3 0-1

[Event "Benidorm 2004 - sub2300"]
[Site "Benidorm ESP"]
[Date "2004.11.21"]
[Round "3.12"]
[White "Hostalet Ferrer, Pedro Enrique"]
[Black "Rocabert Andreu, Guillem"]
[Result "1/2-1/2"]
[WhiteElo "2180"]
[BlackElo "2248"]
[PlyCount "26"]
[EventDate "2004.11.19"]
[EventType "swiss"]
[EventRounds "9"]
[EventCountry "ESP"]
[Source "lmi"]
[SourceDate "2004.11.19"]

1. d4 Nf6 2. c4 e6 3. Nc3 Bb4 4. e3 O-O 5. Bd3 c5 6. Nf3 d5 7. O-O Nc6 8. a3
Bxc3 9. bxc3 b6 10. cxd5 exd5 11. Ne5 Qc7 12. Nxc6 Qxc6 13. f3 Bb7 1/2-1/2

[Event "Benidorm 2004 - sub2300"]
[Site "Benidorm ESP"]
[Date "2004.11.21"]
[Round "3.13"]
[White "Vicente Torrecillas, Francisco Javier"]
[Black "Pena, Alfredo"]
[Result "0-1"]
[WhiteElo "2110"]
[BlackElo "2242"]
[PlyCount "82"]
[EventDate "2004.11.19"]
[EventType "swiss"]
[EventRounds "9"]
[EventCountry "ESP"]
[Source "lmi"]
[SourceDate "2004.11.19"]

1. d4 Nf6 2. c4 g6 3. Nc3 Bg7 4. e4 O-O 5. Nf3 d6 6. Be2 e5 7. O-O Nc6 8. d5
Ne7 9. b4 Ne8 10. Nd2 f5 11. f3 f4 12. c5 h5 13. Nc4 g5 14. Bd2 Rf7 15. a4 Ng6
16. Be1 Bf8 17. cxd6 cxd6 18. Rc1 Nf6 19. h3 Rg7 20. Kh1 g4 21. fxg4 hxg4 22.
hxg4 Nh8 23. Rc2 Nxg4 24. Bxg4 Bxg4 25. Qd3 Rh7+ 26. Kg1 Qg5 27. Nd2 Qh5 28.
Nf3 Be7 29. Kf2 Nf7 30. Ke2 Ng5 31. Kd2 Rc8 32. Nd1 Rxc2+ 33. Kxc2 Nxe4 34. Kb3
Nf6 35. Nf2 Qf5 36. Qc4 Bh5 37. Nh4 Qb1+ 38. Ka3 Qa1+ 39. Kb3 Be8 40. b5 Qb1+
41. Ka3 Rxh4 0-1

[Event "Benidorm 2004 - sub2300"]
[Site "Benidorm ESP"]
[Date "2004.11.21"]
[Round "3.14"]
[White "Arpa Pardo, Emilio"]
[Black "Martinez Tormo, Jorge"]
[Result "0-1"]
[WhiteElo "2087"]
[BlackElo "2240"]
[PlyCount "128"]
[EventDate "2004.11.19"]
[EventType "swiss"]
[EventRounds "9"]
[EventCountry "ESP"]
[Source "lmi"]
[SourceDate "2004.11.19"]

1. c4 c5 2. Nf3 Nc6 3. Nc3 d6 4. d4 cxd4 5. Nxd4 g6 6. e4 Bg7 7. Be3 Nf6 8. Be2
O-O 9. O-O Bd7 10. f3 a6 11. Rc1 Rc8 12. Qd2 Nxd4 13. Bxd4 Bc6 14. Rfd1 Nd7 15.
Bxg7 Kxg7 16. Qd4+ Kg8 17. b4 b6 18. Rd2 Rc7 19. Nd1 Qb8 20. Ne3 Nf6 21. Rdc2
Rfc8 22. e5 dxe5 23. Qxe5 Rd7 24. Qxb8 Rxb8 25. b5 axb5 26. cxb5 Bb7 27. Nc4
Nd5 28. Ne5 Rdd8 29. Nc6 Bxc6 30. bxc6 Nc7 31. a4 Rd4 32. Rc4 Rd2 33. R1c2 Rbd8
34. Kf2 Kf8 35. Rxd2 Rxd2 36. Ke3 Rd6 37. f4 Nd5+ 38. Kf3 Nc7 39. Kf2 Ke8 40.
Bf3 Kd8 41. Rb4 Nd5 42. Bxd5 Rxd5 43. Rxb6 Rd4 44. Ke3 Rxa4 45. Rb8+ Kc7 46.
Rb7+ Kd6 47. Rd7+ Ke6 48. g4 f5 49. gxf5+ gxf5 50. Rd8 Rc4 51. Rh8 Rxc6 52.
Rxh7 Kd6 53. Rh6+ e6 54. Rh7 Rc3+ 55. Ke2 Kd5 56. Rd7+ Ke4 57. Rd6 Re3+ 58. Kf2
Kxf4 59. h4 e5 60. h5 Rh3 61. h6 Kg5 62. Re6 e4 63. Re8 Rxh6 64. Rg8+ Kf4 0-1

[Event "Benidorm 2004 - sub2300"]
[Site "Benidorm ESP"]
[Date "2004.11.21"]
[Round "3.15"]
[White "Mihailovs, Jurijs"]
[Black "Sarto Ramos, Angel"]
[Result "1-0"]
[WhiteElo "2212"]
[BlackElo "2090"]
[PlyCount "53"]
[EventDate "2004.11.19"]
[EventType "swiss"]
[EventRounds "9"]
[EventCountry "ESP"]
[Source "lmi"]
[SourceDate "2004.11.19"]

1. d4 g6 2. c4 Bg7 3. Nc3 e6 4. e4 d6 5. Be3 Nf6 6. f3 e5 7. d5 O-O 8. Qd2 c5
9. g4 h5 10. g5 Nh7 11. Bd3 a6 12. O-O-O f5 13. exf5 Bxf5 14. Nge2 b5 15. Ng3
bxc4 16. Bxf5 gxf5 17. g6 f4 18. gxh7+ Kxh7 19. Nxh5 fxe3 20. Qc2+ Kh8 21. Nxg7
Kxg7 22. Rhg1+ Kh8 23. Qg6 Ra7 24. Rg3 Rh7 25. Rdg1 Qe8 26. Qxh7+ Kxh7 27. Rh3+
1-0

[Event "Benidorm 2004 - sub2300"]
[Site "Benidorm ESP"]
[Date "2004.11.22"]
[Round "4.1"]
[White "Szmetan, Ricardo"]
[Black "Farfan, Ortiz Alfredo"]
[Result "1/2-1/2"]
[WhiteElo "2283"]
[BlackElo "2246"]
[PlyCount "57"]
[EventDate "2004.11.19"]
[EventType "swiss"]
[EventRounds "9"]
[EventCountry "ESP"]
[Source "lmi"]
[SourceDate "2004.11.19"]

1. d4 d5 2. Nf3 Nf6 3. c4 c6 4. cxd5 cxd5 5. Nc3 Nc6 6. Bf4 a6 7. Rc1 e6 8. e3
Be7 9. Bd3 Bd7 10. h3 b5 11. O-O Qb6 12. Ne5 Rc8 13. Nxd7 Nxd7 14. e4 dxe4 15.
Bxe4 Nxd4 16. Be3 Bf6 17. a4 O-O 18. axb5 axb5 19. Qd3 Nc5 20. Bxh7+ Kh8 21.
Qd1 Kxh7 22. Bxd4 Bxd4 23. Qxd4 Rfd8 24. Qe3 Rd3 25. Qe2 Rcd8 26. Rcd1 Rxd1 27.
Rxd1 Rxd1+ 28. Qxd1 b4 29. Na4 1/2-1/2

[Event "Benidorm 2004 - sub2300"]
[Site "Benidorm ESP"]
[Date "2004.11.22"]
[Round "4.2"]
[White "Fenollar Jorda, Manuel"]
[Black "Van Hoolandt, Patrick"]
[Result "0-1"]
[WhiteElo "2191"]
[BlackElo "2269"]
[PlyCount "56"]
[EventDate "2004.11.19"]
[EventType "swiss"]
[EventRounds "9"]
[EventCountry "ESP"]
[Source "lmi"]
[SourceDate "2004.11.19"]

1. d4 Nf6 2. Nf3 e6 3. e3 c5 4. Bd3 b6 5. Nbd2 Bb7 6. c3 d5 7. Ne5 Bd6 8. f4
Nbd7 9. Qf3 Qc7 10. O-O g6 11. g4 Rf8 12. g5 Nh5 13. Bb5 Bxe5 14. fxe5 O-O-O
15. a4 Nxe5 16. Qh3 Nc4 17. Nf3 Nd6 18. Bd3 Qe7 19. Qg2 f6 20. Bd2 f5 21. Ne5
Nf7 22. Nxf7 Rxf7 23. Be2 e5 24. dxe5 Qxe5 25. Bxh5 gxh5 26. Qg3 Qxg3+ 27. hxg3
Rg8 28. Kh2 Ba6 0-1

[Event "Benidorm 2004 - sub2300"]
[Site "Benidorm ESP"]
[Date "2004.11.22"]
[Round "4.3"]
[White "De La Fuente Mayan, Alfredo"]
[Black "Garcia, Eduardo"]
[Result "1/2-1/2"]
[WhiteElo "2174"]
[BlackElo "2298"]
[PlyCount "106"]
[EventDate "2004.11.19"]
[EventType "swiss"]
[EventRounds "9"]
[EventCountry "ESP"]
[Source "lmi"]
[SourceDate "2004.11.19"]

1. e4 e5 2. Nf3 Nc6 3. Bc4 Nf6 4. d3 Bc5 5. c3 d6 6. b4 Bb6 7. Nbd2 O-O 8. O-O
Ne7 9. Bb3 c6 10. Nc4 Bc7 11. Bg5 Ng6 12. d4 h6 13. dxe5 hxg5 14. exd6 b5 15.
dxc7 Qxd1 16. Raxd1 bxc4 17. Bxc4 Nxe4 18. Rfe1 Nxc3 19. Rd6 Nf4 20. Nxg5 Nfd5
21. b5 Nxc7 22. bxc6 Be6 23. Nxe6 fxe6 24. Rd7 N3d5 25. Bxd5 Nxd5 26. Rxe6 Nb6
27. Rb7 Rfe8 28. Rxe8+ Rxe8 29. h4 Nc8 30. g3 Re7 31. Kg2 Kf7 32. g4 Ke6 33. f4
Kd6 34. Kf3 Kxc6 35. Rb8 Nd6 36. h5 Nc4 37. g5 Rf7 38. Rg8 Kd5 39. Re8 Nd6 40.
Re5+ Kd4 41. Kg4 Nc4 42. Re8 Ne3+ 43. Kf3 Nd5 44. Re4+ Kd3 45. Ra4 Re7 46. Ra3+
Kc2 47. Ra5 Nc3 48. f5 Kd3 49. Ra3 Re3+ 50. Kf4 Re4+ 51. Kf3 Re3+ 52. Kf4 Re4+
53. Kf3 Re3+ 1/2-1/2

[Event "Benidorm 2004 - sub2300"]
[Site "Benidorm ESP"]
[Date "2004.11.22"]
[Round "4.5"]
[White "Lacrosse, Marc"]
[Black "Mihailovs, Jurijs"]
[Result "1/2-1/2"]
[WhiteElo "2264"]
[BlackElo "2212"]
[PlyCount "68"]
[EventDate "2004.11.19"]
[EventType "swiss"]
[EventRounds "9"]
[EventCountry "ESP"]
[Source "lmi"]
[SourceDate "2004.11.19"]

1. d4 c5 2. d5 f5 3. c4 Nf6 4. Nc3 d6 5. g3 g6 6. Bg2 Bg7 7. Nf3 Na6 8. O-O O-O
9. Qc2 Nc7 10. b3 b5 11. Bb2 bxc4 12. bxc4 Ba6 13. Nd2 Qd7 14. Rab1 Rab8 15.
Ba1 Na8 16. Rxb8 Rxb8 17. e4 f4 18. gxf4 Nh5 19. Ne2 Bxa1 20. Rxa1 Rf8 21. Qc3
Qg4 22. Qf3 Qxf3 23. Bxf3 Nxf4 24. Nxf4 Rxf4 25. Rb1 Kg7 26. Rb3 Nc7 27. Bg2
Rf8 28. Bh3 Re8 29. Bd7 Rd8 30. Bh3 Re8 31. Kg2 Kf6 32. f4 e6 33. dxe6 Nxe6 34.
Bxe6 Rxe6 1/2-1/2